• 首页
  • 本馆介绍
  • 公告通知
  • 最新文献
  • 馆藏检索
  • 电子资源
  • 读者导购
  • 参考咨询
  • 我的图书馆
  • 登录
  • 详细信息显示
  • 放入我的书架
  • 预约/预借图书
  • 作者相关作品
  • 分类相关作品
  • 丛书相关作品
  • 出版社相关作品

书目信息

  • 表格格式
  • 工作单格式
  • 卡片格式
题名:
生物纳米电子学
    
 
作者: 弗拉格曼 , 弗拉格曼 主编
分册:  
出版信息: 北京   科学出版社  2015.01
页数: 10,254页
开本: 24cm
丛书名: 纳米科学与技术
单 册:
中图分类: Q-331
科图分类:
主题词: 纳米材料--应用--生物电子学--英文
电子资源:
ISBN: 978-7-03-042826-4
000 01462oam2 2200325 450
001 0120151544263
005 20170405085102.80
010    @a978-7-03-042826-4@dCNY150.00,CNY12000.00(全80册)
100    @a20150413e2015 em y0chiy50 ea
101 0  @aeng@gchi
102    @aCN@b110000
105    @aa z 001yy
106    @ar
200 1  @a生物纳米电子学@9sheng wu na mi dian zi xue@dBionanoelectronics: bioinquiring and bioinspired devices@fDaniela Dragoman,Mircea Dragoman[主编]@zeng
205    @a影印版
210    @a北京@c科学出版社@d2015.01
215    @a10,254页@c图@d24cm
225 2  @a纳米科学与技术@v56
300    @a国家出版基金项目
305    @a由施普林格科学商业媒体授权出版
330    @a本书介绍纳米器件在生物结构、分子马达、分子泵、分子纳米制动器及电子生物器件中的应用,包括DNA的检测及测序,各种疾病的早期检查和纳米医学等内容。此外,本书还介绍了生物模拟和生物激发的电子学,扫描探针技术在生物样品检测方面的应用,还阐述了将生物分子作为纳米器件以及潜在的计算元件的构筑单元。
333    @a电子学、生物、医学、纳米材料领域的本科生、研究生以及科研工作者
461  0 @12001 @a纳米科学与技术@v56
510 1  @aBionanoelectronics:bioinquiring and bioinspired devices@zeng
606 0  @a纳米材料@x应用@x生物电子学@x英文
690    @aQ-331@v5
701  0 @a弗拉格曼@9fu la ge man@c(Dragoman, Daniela)@4主编
701  0 @a弗拉格曼@9fu la ge man@c(Dragoman, Mircea)@4主编
801  0 @aCN@b人天书店@c20150413
905    @b983823-25@dQ-331@e76@f3
    
    生物纳米电子学=Bionanoelectronics: bioinquiring and bioinspired devices/Daniela Dragoman,Mircea Dragoman[主编].-影印版.-北京:科学出版社,2015.01
    10,254页:图;24cm.-(纳米科学与技术;56)
    国家出版基金项目.-使用对象:电子学、生物、医学、纳米材料领域的本科生、研究生以及科研工作者
    
    ISBN 978-7-03-042826-4:CNY150.00,CNY12000.00(全80册)
    本书介绍纳米器件在生物结构、分子马达、分子泵、分子纳米制动器及电子生物器件中的应用,包括DNA的检测及测序,各种疾病的早期检查和纳米医学等内容。此外,本书还介绍了生物模拟和生物激发的电子学,扫描探针技术在生物样品检测方面的应用,还阐述了将生物分子作为纳米器件以及潜在的计算元件的构筑单元。
●
相关链接 在E读中查询图书 在五车中查询图书 在当当中查询图书 在豆瓣中查询图书


正题名:生物纳米电子学     索取号:Q-331/76         预约/预借

序号 登录号 条形码 馆藏地/架位号 状态 备注
1 983823   209838238   第二样本阅览室/ [索取号:Q-331/76] 在馆    
2 983824   209838247   化学系资料室/ [索取号:Q-331/76] 在馆    
3 983825   209838256   第三借阅区/ [索取号:Q-331/76] 在馆    
唐山师范学院图书馆 欢迎您!
大连网信软件有限公司© 版权所有